00585nam a2200169 a 450000100100000000500170001000800410002702000180006804000250008608200160011110000430012724500880017026000390025830000280029750000600032550400300038500004826620201002061030.0181210s2015 dr a r 000 0 spa d a9789945589993 aDO-SdBNPbspacBNPHU axxxxbG633E1 aGómez Morel, Olga Lobetty de,d1952-10aEmilia Jimenes Pereyra : una mujer extraordinaria /cOlga Lobetty Gómez de Morel. aSanto Domingo :bSantuario,c2015. a94 p. :bil., ;c23 cm. aIncluye datos biográficos de la autora en las solapas aBibliografía : p. 93-94